[Event "Rated Blitz game"]
[Site "?"]
[Date "2021.05.23"]
[Round "?"]
[White "ljdr"]
[Black "TheMonsterNotTheNM"]
[Result "1-0"]
[WhiteElo "2431"]
[BlackElo "2422"]
[PlyCount "59"]
[EventDate "2021.??.??"]
[EventType "blitz"]

1. e4 e5 2. Nf3 d5 3. exd5 e4 4. Qe2 Nf6 5. d3 Be7 6. dxe4 O-O 7. Nc3 c6 8. d6
Bxd6 9. e5 Re8 10. Bf4 Nh5 11. g3 Nxf4 12. gxf4 Bb4 13. Qc4 a5 14. Rd1 Qe7 15.
a3 Be6 16. Qd3 Bc5 17. Ne4 Na6 18. Rg1 Kh8 19. Nfg5 Bf5 20. Bh3 Rad8 21. Bxf5
Rxd3 22. Rxd3 f6 23. exf6 Qxf6 24. Bxh7 Qxf4 25. Kf1 Rxe4 26. Rd8+ Bf8 27. Bxe4
Nc5 28. Rg4 Qc1+ 29. Ke2 Nxe4 30. Rxf8# {Normal} 1-0

[Event "Rated Blitz game"]
[Site "?"]
[Date "2021.05.23"]
[Round "?"]
[White "zagros20211"]
[Black "khalid_ontawar"]
[Result "0-1"]
[WhiteElo "2409"]
[BlackElo "2458"]
[PlyCount "180"]
[EventDate "2021.??.??"]
[EventType "blitz"]

1. e4 e5 2. Nf3 d5 3. exd5 e4 4. Qe2 Nf6 5. Nc3 Bf5 6. Nxe4 Bxe4 7. d3 Be7 8.
dxe4 O-O 9. Qe3 Re8 10. Bd3 c6 11. dxc6 Nxc6 12. O-O Bd6 13. Bd2 Ne5 14. Nxe5
Bxe5 15. h3 Bxb2 16. Rab1 Bd4 17. Qg3 Bb6 18. Bc3 g6 19. Qf4 Nh5 20. Qh6 Qc7
21. Bd2 Rad8 22. Be3 Bxe3 23. fxe3 b6 24. Rf3 Re7 25. Rbf1 Qc5 26. g4 Ng7 27.
Kg2 Ne6 28. Qh4 Rdd7 29. Rf6 Qxe3 30. R6f3 Qd2+ 31. R1f2 Qc1 32. Bb5 Rc7 33.
Ba4 Ng5 34. Rf4 Ne6 35. R4f3 Qd1 36. Bb3 Qd6 37. Bxe6 Qxe6 38. Rf4 Rc3 39. Qg5
Rec7 40. Qb5 Rxc2 41. Qd3 Rxf2+ 42. Rxf2 Qc6 43. Qd8+ Kg7 44. Qd4+ f6 45. Qe3
Re7 46. Re2 Qe6 47. Qf4 Qe5 48. Qf3 g5 49. Rf2 Re6 50. Qe2 Qxe4+ 51. Qxe4 Rxe4
52. Rb2 Ra4 53. Kf3 Ra3+ 54. Kf2 Ra5 55. Kg2 b5 56. Rc2 a6 57. Rc7+ Kg6 58. Rc6
Ra4 59. Kg3 Ra3+ 60. Kg2 Rxa2+ 61. Kg3 b4 62. Rb6 b3 63. Rxb3 Ra5 64. Rf3 Rb5
65. Rf2 a5 66. Kg2 a4 67. Ra2 Rb4 68. Ra3 Rb3 69. Kf2 Rb2+ 70. Ke3 Rb3+ 71.
Rxb3 axb3 72. Kd3 f5 73. Kc3 fxg4 74. hxg4 Kf6 75. Kxb3 Ke5 76. Kc3 Kf4 77. Kd3
Kxg4 78. Kd2 h5 79. Ke2 h4 80. Ke1 h3 81. Kd1 Kh4 82. Kd2 g4 83. Kc3 h2 84. Kc4
h1=Q 85. Kb5 Qh3 86. Ka6 g3 87. Ka7 g2 88. Ka8 g1=Q 89. Kb8 Qhh2+ 90. Kc8 Qhf2
{Time forfeit} 0-1

[Event "Rated Blitz game"]
[Site "?"]
[Date "2021.05.23"]
[Round "?"]
[White "Andep123"]
[Black "GoughPhar"]
[Result "0-1"]
[WhiteElo "2393"]
[BlackElo "2429"]
[PlyCount "54"]
[EventDate "2021.??.??"]
[EventType "blitz"]

1. e4 e5 2. Nf3 d5 3. exd5 e4 4. Ne5 Bd6 5. d4 exd3 6. Nxd3 Nf6 7. Nc3 O-O 8.
Be2 c6 9. dxc6 Re8 10. O-O Nxc6 11. Re1 Bf5 12. Bg5 h6 13. Bh4 Bxh2+ 14. Kxh2
Ng4+ 15. Bxg4 Qxh4+ 16. Bh3 Bxh3 17. gxh3 Rad8 18. Rxe8+ Rxe8 19. Qf3 Nd4 20.
Qg3 Qf6 21. Nd5 Qc6 22. N5b4 Qe4 23. Qg2 Nf3+ 24. Kh1 a5 25. Ne1 Qxe1+ 26. Rxe1
Rxe1+ 27. Qf1 Rxf1+ {Normal} 0-1

[Event "Rated Blitz game"]
[Site "?"]
[Date "2021.05.23"]
[Round "?"]
[White "DodoSkak"]
[Black "Pashkomarku"]
[Result "1-0"]
[WhiteElo "2402"]
[BlackElo "2263"]
[PlyCount "111"]
[EventDate "2021.??.??"]
[EventType "blitz"]

1. e4 e5 2. Nf3 d5 3. Nc3 d4 4. Ne2 f6 5. Ng3 c5 6. Bc4 Nc6 7. d3 Qd6 8. O-O
Be6 9. Bxe6 Qxe6 10. Nh4 g6 11. f4 exf4 12. Bxf4 g5 13. Bxg5 fxg5 14. Qh5+ Kd7
15. Rf7+ Be7 16. Nhf5 Nf6 17. Rxe7+ Nxe7 18. Qxg5 Nxf5 19. Nxf5 Rag8 20. Qf4
Ng4 21. b4 Qe5 22. Qxe5 Nxe5 23. bxc5 Rb8 24. Nxd4 Rhf8 25. Rb1 b6 26. Nb3 bxc5
27. Nxc5+ Kc6 28. Nb3 a5 29. d4 Nc4 30. d5+ Kc7 31. Rd1 Ne3 32. Re1 a4 33. Nd4
Nc4 34. Ne6+ Kd6 35. Nxf8 Rxf8 36. Rb1 a3 37. Rb4 Ne3 38. Rb6+ Ke5 39. Re6+ Kd4
40. h3 Nxc2 41. d6 Nb4 42. Re7 Rd8 43. e5 Nc6 44. Rxh7 Nxe5 45. Ra7 Nc4 46. d7
Kc3 47. Rc7 Kb4 48. h4 Nb6 49. Rb7 Kb5 50. h5 Rxd7 51. Rb8 Rd5 52. g4 Kc5 53.
Kg2 Nc4 54. Rb3 Rd2+ 55. Kh3 Rxa2 56. h6 {Time forfeit} 1-0

[Event "Rated Blitz game"]
[Site "?"]
[Date "2021.05.23"]
[Round "?"]
[White "arrubarena77"]
[Black "GoughPhar"]
[Result "1-0"]
[WhiteElo "2468"]
[BlackElo "2459"]
[PlyCount "67"]
[EventDate "2021.??.??"]
[EventType "blitz"]

1. e4 e5 2. Nf3 d5 3. d4 dxe4 4. Nxe5 Bd6 5. Nc4 Nf6 6. Nc3 O-O 7. Bg5 Nc6 8.
Be2 Bf5 9. O-O h6 10. Bh4 g5 11. Bg3 Bxg3 12. hxg3 Kg7 13. Ne3 Bg6 14. d5 Ne5
15. Qd4 Qe7 16. Rad1 Rad8 17. Qxa7 h5 18. Qxb7 h4 19. gxh4 Rh8 20. d6 Rxd6 21.
Rxd6 Qxd6 22. Rd1 Nf3+ 23. gxf3 Qf4 24. Ng2 Qf5 25. fxe4 Qh3 26. Rd3 Qe6 27.
hxg5 Nxe4 28. Qd5 Qe7 29. Qd4+ f6 30. Nxe4 Bxe4 31. Re3 c5 32. Qxf6+ Qxf6 33.
gxf6+ Kxf6 34. Rxe4 {Normal} 1-0

[Event "Rated Blitz tournament 5UYAkfJS"]
[Site "?"]
[Date "2021.05.23"]
[Round "?"]
[White "MannySen"]
[Black "Jorny_Too_Pass"]
[Result "1-0"]
[WhiteElo "2432"]
[BlackElo "2229"]
[PlyCount "103"]
[EventDate "2021.??.??"]
[EventType "blitz"]

1. e4 e5 2. Nf3 d5 3. exd5 e4 4. Qe2 Nf6 5. d3 Be7 6. dxe4 O-O 7. Nc3 c6 8. Qd3
Bg4 9. Be2 cxd5 10. exd5 Nbd7 11. O-O Bxf3 12. Bxf3 Ne5 13. Qe2 Bd6 14. Bg5 a6
15. Rfe1 h6 16. Bh4 Re8 17. Rad1 Kf8 18. a3 Ng6 19. Qxe8+ Nxe8 20. Bxd8 Rxd8
21. Ne4 Be5 22. b4 Nd6 23. Nxd6 Bxd6 24. c4 b6 25. g3 Ne5 26. Be2 g5 27. Kg2
Rc8 28. Rc1 f5 29. Bf1 Kf7 30. c5 bxc5 31. bxc5 Bb8 32. d6 Kf6 33. Bxa6 Rd8 34.
f4 Nc6 35. Bb7 Nd4 36. Bd5 gxf4 37. gxf4 Ba7 38. Rc4 Nb3 39. Re6+ Kg7 40. Re7+
Kf6 41. Rxa7 Nd2 42. Rd4 Ne4 43. Bxe4 fxe4 44. Rxe4 Kf5 45. Rd4 Rg8+ 46. Kf3
Rg1 47. d7 Rf1+ 48. Ke2 Rh1 49. d8=Q Rxh2+ 50. Kd3 Rh3+ 51. Kc4 Kg4 52. Qd5 {
Time forfeit} 1-0

[Event "Rated Blitz game"]
[Site "?"]
[Date "2021.05.23"]
[Round "?"]
[White "Enis_Metinn57"]
[Black "khalid_ontawar"]
[Result "0-1"]
[WhiteElo "2472"]
[BlackElo "2456"]
[PlyCount "24"]
[EventDate "2021.??.??"]
[EventType "blitz"]

1. e4 e5 2. Nf3 d5 3. exd5 e4 4. Qe2 Nf6 5. d3 Bf5 6. dxe4 Bxe4 7. Bg5 Be7 8.
Nbd2 Bxf3 9. Qxf3 O-O 10. O-O-O Qxd5 11. Bc4 Qxg5 12. Rhe1 Bd6 {Normal} 0-1

[Event "Rated Blitz game"]
[Site "?"]
[Date "2021.05.23"]
[Round "?"]
[White "Foreigner20"]
[Black "blastol"]
[Result "1-0"]
[WhiteElo "2363"]
[BlackElo "2424"]
[PlyCount "99"]
[EventDate "2021.??.??"]
[EventType "blitz"]

1. e4 e5 2. Nf3 d5 3. Nxe5 Bd6 4. d4 dxe4 5. Nc4 Nf6 6. Nc3 Nc6 7. Be2 O-O 8.
O-O Nxd4 9. Re1 h6 10. Be3 Nf5 11. Qd2 Nxe3 12. Qxe3 Re8 13. Rad1 Qe7 14. Nd5
Nxd5 15. Rxd5 Be6 16. Nxd6 Bxd5 17. Nxe8 Rxe8 18. Qxa7 Qb4 19. Rf1 Qxb2 20. Qc5
Bc6 21. a4 Qe5 22. Qb4 Qe7 23. Qb3 Qg5 24. Bb5 Bd5 25. c4 Bc6 26. Bxc6 bxc6 27.
Ra1 e3 28. fxe3 Rxe3 29. Qb8+ Kh7 30. Qxc7 Qc5 31. Kh1 Qxc4 32. a5 Qe4 33. h3
Re2 34. Qg3 Re3 35. Qf2 Rxh3+ 36. Kg1 Re3 37. a6 Re2 38. Qg3 Qd4+ 39. Kh2 Qxa1
40. Qd3+ g6 41. Qxe2 Qd4 42. Qe7 Qf4+ 43. Kg1 Qc1+ 44. Kf2 Qf4+ 45. Ke2 Qc4+
46. Ke3 Qc3+ 47. Ke4 Qc4+ 48. Kf3 Qd5+ 49. Kg3 Qg5+ 50. Qxg5 {Time forfeit} 1-0

[Event "Rated Blitz game"]
[Site "?"]
[Date "2021.05.23"]
[Round "?"]
[White "JuliensGame"]
[Black "TheMonsterNotTheNM"]
[Result "1-0"]
[WhiteElo "2520"]
[BlackElo "2425"]
[PlyCount "71"]
[EventDate "2021.??.??"]
[EventType "blitz"]

1. e4 e5 2. Nf3 d5 3. exd5 e4 4. Nd4 Qxd5 5. Nb3 Nc6 6. Nc3 Qe5 7. Bb5 Bd7 8.
O-O O-O-O 9. Re1 Bd6 10. g3 Nf6 11. d4 Qf5 12. d5 Ne5 13. Be2 Nf3+ 14. Bxf3
exf3 15. Nd4 Qh5 16. Be3 Bg4 17. Qd3 Bh3 18. Ncb5 Kb8 19. Nxd6 Rxd6 20. c4 Bg2
21. Bf4 Ng4 22. Nxf3 Bxf3 23. Qxf3 Qxh2+ 24. Kf1 Qh3+ 25. Qg2 Nh2+ 26. Kg1 Qg4
27. Qxh2 Rf6 28. Be5 Rh6 29. Qg2 f6 30. Bf4 g5 31. Bd2 f5 32. Re5 f4 33. gxf4
Qh4 34. fxg5 Rg8 35. Rae1 b6 36. d6 {Normal} 1-0

[Event "Rated Blitz tournament APT7vFtU"]
[Site "?"]
[Date "2021.05.23"]
[Round "?"]
[White "daaleksandrov"]
[Black "Madjrs72"]
[Result "1-0"]
[WhiteElo "2347"]
[BlackElo "2401"]
[PlyCount "20"]
[EventDate "2021.??.??"]
[EventType "blitz"]

1. e4 e5 2. Nf3 d5 3. Nxe5 Bd6 4. d4 dxe4 5. Bc4 Bxe5 6. Qh5 Qe7 7. dxe5 Nc6 8.
Nc3 Nxe5 9. Nd5 Qd6 10. Bf4 Nxc4 {Normal} 1-0

[Event "Rated Blitz tournament z16sGhAG"]
[Site "?"]
[Date "2021.05.23"]
[Round "?"]
[White "santosky88"]
[Black "CaroyinixDiscomix"]
[Result "0-1"]
[WhiteElo "2253"]
[BlackElo "2408"]
[PlyCount "66"]
[EventDate "2021.??.??"]
[EventType "blitz"]

1. e4 e5 2. Nf3 d5 3. exd5 e4 4. Qe2 Nf6 5. d3 Qxd5 6. dxe4 Qxe4 7. Qxe4+ Nxe4
8. Bd3 Nc5 9. Bc4 Bf5 10. O-O Nc6 11. Nc3 O-O-O 12. Bxf7 Nb4 13. Bg5 Rd6 14.
Rad1 Nxc2 15. Rxd6 Bxd6 16. a3 h6 17. Bc1 Nd3 18. Bc4 Nxc1 19. Rxc1 Bf4 20. Rd1
Re8 21. h3 g5 22. g4 Bg6 23. Nd4 Nxd4 24. Rxd4 Re1+ 25. Kg2 c6 26. Ne2 Be5 27.
Be6+ Kc7 28. Rd2 Be4+ 29. f3 Bd3 30. Ng3 Ba6 31. Rd7+ Kb6 32. Rd2 Bxg3 33. Kxg3
Rxe6 {Normal} 0-1

[Event "Rated Blitz game"]
[Site "?"]
[Date "2021.05.23"]
[Round "?"]
[White "Bohnenbauer"]
[Black "annaly1979"]
[Result "0-1"]
[WhiteElo "2426"]
[BlackElo "2383"]
[PlyCount "106"]
[EventDate "2021.??.??"]
[EventType "blitz"]

1. e4 e5 2. Nf3 d5 3. Nc3 dxe4 4. Nxe4 f5 5. Nc3 e4 6. Ng1 Bc5 7. d3 Nf6 8. Bg5
Bd4 9. Nge2 Be5 10. dxe4 Qxd1+ 11. Rxd1 fxe4 12. Nxe4 O-O 13. Nxf6+ gxf6 14.
Bh6 Re8 15. c3 Bg4 16. f3 Bh5 17. Kf2 Nc6 18. Ng3 Bf7 19. Bd3 Rad8 20. Bb1 Na5
21. f4 Bd6 22. b3 Bc5+ 23. Kf3 Nc6 24. Rxd8 Rxd8 25. Re1 Rd2 26. Ne4 Bd5 27.
Kg3 Bxe4 28. Rxe4 Kf7 29. Rc4 Bd6 30. Bxh7 Rxa2 31. b4 a6 32. Re4 Ra3 33. Re3
Bxb4 34. f5 Rxc3 35. Bg6+ Kg8 36. h4 Bd6+ 37. Kf3 Ne5+ 38. Ke4 Rc4+ 39. Kd5
Rxh4 40. Rh3 Nxg6 41. fxg6 Rxh3 42. gxh3 a5 43. Ke6 Be5 44. h4 a4 45. Bc1 b5
46. h5 b4 47. Kf5 a3 48. h6 a2 49. h7+ Kh8 50. Ke6 a1=Q 51. Kf7 Qa2+ 52. Kf8
Qa8+ 53. Kf7 f5 {Time forfeit} 0-1

[Event "Rated Blitz game"]
[Site "?"]
[Date "2021.05.23"]
[Round "?"]
[White "malcriado007"]
[Black "TheMonsterNotTheNM"]
[Result "1-0"]
[WhiteElo "2538"]
[BlackElo "2418"]
[PlyCount "49"]
[EventDate "2021.??.??"]
[EventType "blitz"]

1. e4 e5 2. Nf3 d5 3. Nxe5 Bd6 4. d4 dxe4 5. Nc4 Nf6 6. Nc3 Nc6 7. Nxd6+ Qxd6
8. Be3 Ng4 9. Nxe4 Qb4+ 10. c3 Qxb2 11. Qc1 Qb6 12. Qa3 Nxe3 13. fxe3 Bf5 14.
Ng3 Bg6 15. Be2 O-O-O 16. Bf3 Rhe8 17. Kf2 Nxd4 18. cxd4 Rxd4 19. Rhd1 Rb4 20.
Rd2 a5 21. Rc1 a4 22. Qc3 Rc4 23. Qxc4 Qxe3+ 24. Kf1 Qxd2 25. Qxc7# {Normal}
1-0

[Event "Rated Blitz tournament 5UYAkfJS"]
[Site "?"]
[Date "2021.05.23"]
[Round "?"]
[White "Hungz"]
[Black "Jorny_Too_Pass"]
[Result "0-1"]
[WhiteElo "2489"]
[BlackElo "2220"]
[PlyCount "80"]
[EventDate "2021.??.??"]
[EventType "blitz"]

1. e4 e5 2. Nf3 d5 3. d3 Nc6 4. c3 Be6 5. Be2 f6 6. O-O Qd7 7. b4 a6 8. a4 g5
9. Nfd2 O-O-O 10. b5 Nb8 11. Ba3 h5 12. Bxf8 Rxf8 13. Na3 Ne7 14. Qc2 Ng6 15.
Rfb1 Nf4 16. Bf1 h4 17. d4 dxe4 18. Nxe4 Bd5 19. Nc5 Qg4 20. Qd1 Nh3+ 21. Kh1
Nxf2+ 22. Kg1 Nxd1 23. bxa6 bxa6 24. Rxb8+ Kxb8 25. Rb1+ Ka7 26. h3 Qg3 27. c4
Bxg2 28. Bxg2 Rb8 29. Nb5+ axb5 30. axb5 c6 31. Ra1+ Kb6 32. Ra6+ Kc7 33. Ra7+
Kd8 34. bxc6 Qe3+ 35. Kh2 Qf4+ 36. Kh1 Nf2+ 37. Kg1 Nxh3+ 38. Bxh3 Rb1+ 39. Kg2
Rb2+ 40. Kh1 Qh2# {Normal} 0-1

[Event "Rated Blitz game"]
[Site "?"]
[Date "2021.05.23"]
[Round "?"]
[White "weeza"]
[Black "annaly1979"]
[Result "0-1"]
[WhiteElo "2401"]
[BlackElo "2375"]
[PlyCount "180"]
[EventDate "2021.??.??"]
[EventType "blitz"]

1. e4 e5 2. Nf3 d5 3. Nxe5 Qe7 4. d4 f6 5. Nf3 dxe4 6. Nfd2 f5 7. Bc4 Nf6 8.
O-O Be6 9. Bxe6 Qxe6 10. c4 Nbd7 11. Nc3 a6 12. b3 Bb4 13. Bb2 O-O 14. d5 Qe7
15. a3 Bd6 16. b4 b6 17. Re1 Ne5 18. h3 Nd3 19. Qc2 Nxb2 20. Qxb2 Rae8 21. Nf1
Qf7 22. Rac1 Qg6 23. Ng3 Bxg3 24. fxg3 Qxg3 25. Qf2 Qg6 26. c5 f4 27. Kh1 Nh5
28. Rcd1 e3 29. Qf3 Ng3+ 30. Kh2 Qc2 31. Ne2 bxc5 32. Nxg3 fxg3+ 33. Qxg3 cxb4
34. axb4 e2 35. Rc1 Qd2 36. Rxc7 Rf7 37. d6 g6 38. Qb3 Ref8 39. Qg3 Rd8 40.
Rxf7 Kxf7 41. Qf2+ Kg7 42. Rxe2 Qxd6+ 43. g3 Rf8 44. Qa7+ Rf7 45. Qe3 Qxb4 46.
Qe5+ Rf6 47. Rc2 Qf8 48. Rc7+ Kg8 49. h4 Rf2+ 50. Kh3 Qf5+ 51. Qxf5 Rxf5 52.
Ra7 a5 53. Kg4 Rb5 54. h5 Rxh5 55. Kf4 Rb5 56. g4 g5+ 57. Ke4 h6 58. Ke3 Rb4
59. Kf3 a4 60. Kg3 Rb3+ 61. Kf2 a3 62. Kg2 Rb2+ 63. Kg3 a2 64. Ra6 Kg7 65. Ra7+
Kf6 66. Ra6+ Ke5 67. Ra5+ Kd4 68. Ra6 Kc3 69. Ra8 Kc2 70. Kf3 Kb1 71. Ke4 a1=Q
72. Rxa1+ Kxa1 73. Kf5 Rb6 74. Ke5 Kb2 75. Kf5 Kc3 76. Ke5 Kd3 77. Kf5 Ke3 78.
Ke5 Kf3 79. Kf5 Kg3 80. Ke5 Kxg4 81. Kd5 Kh5 82. Ke5 Rb5+ 83. Ke4 Rb4+ 84. Kf3
Rf4+ 85. Kg2 Kg4 86. Kh2 h5 87. Kg2 h4 88. Kh2 h3 89. Kg1 Kg3 90. Kh1 Rf1# {
Normal} 0-1

[Event "Rated Blitz game"]
[Site "?"]
[Date "2021.05.23"]
[Round "?"]
[White "malcriado007"]
[Black "annaly1979"]
[Result "1-0"]
[WhiteElo "2542"]
[BlackElo "2417"]
[PlyCount "35"]
[EventDate "2021.??.??"]
[EventType "blitz"]

1. e4 e5 2. Nf3 d5 3. Nxe5 Qe7 4. d4 f6 5. Nd3 Nc6 6. c3 Bf5 7. Be2 Bxe4 8. O-O
Qf7 9. Bf4 O-O-O 10. Nd2 Bf5 11. Bg3 Nge7 12. Nb3 Bxd3 13. Qxd3 g6 14. Nc5 Nf5
15. Nxb7 Kxb7 16. Qa6+ Kb8 17. Qxc6 Nxg3 18. Ba6 {Normal} 1-0

[Event "Rated Blitz game"]
[Site "?"]
[Date "2021.05.23"]
[Round "?"]
[White "Sanek_Mikheev"]
[Black "TheMonsterNotTheNM"]
[Result "0-1"]
[WhiteElo "2498"]
[BlackElo "2453"]
[PlyCount "160"]
[EventDate "2021.??.??"]
[EventType "blitz"]

1. e4 e5 2. Nf3 d5 3. d4 dxe4 4. Nxe5 Bd6 5. Nc4 Nc6 6. Nxd6+ Qxd6 7. Be3 Nf6
8. Nc3 Ng4 9. Be2 Nxe3 10. fxe3 Qh6 11. Qd2 f5 12. O-O O-O 13. Nd5 Qd6 14. c4
Be6 15. Nf4 Ne7 16. Rad1 Bd7 17. c5 Qf6 18. Bc4+ Kh8 19. d5 Rad8 20. Qb4 b6 21.
c6 Bc8 22. Qc3 g5 23. Qxf6+ Rxf6 24. Ne2 Rfd6 25. Nc3 a6 26. a4 Kg7 27. Kf2 Kf6
28. Ke2 Ke5 29. Rd4 Nxc6 30. dxc6 Rxd4 31. exd4+ Rxd4 32. b3 f4 33. h3 h5 34.
Rd1 f3+ 35. gxf3 Rxd1 36. Nxd1 Bxh3 37. Ne3 exf3+ 38. Kxf3 a5 39. Bb5 Be6 40.
Nc4+ Kd4 41. Kg3 h4+ 42. Kh2 g4 43. Kg2 Bd5+ 44. Kh2 Ke4 45. Nd6+ cxd6 46. c7
Be6 47. Ba6 Kf3 48. c8=Q Bxc8 49. Bxc8 d5 50. Kg1 d4 51. Bb7+ Ke3 52. Bc8 g3
53. Kg2 d3 54. Kf1 Kd2 55. Bg4 Kc2 56. Ke1 Kxb3 57. Kd2 Kxa4 58. Bf3 h3 59.
Kxd3 b5 60. Ke2 b4 61. Bd5 b3 62. Kd2 Ka3 63. Kc3 a4 64. Be6 g2 65. Bxh3 g1=Q
66. Be6 Qa1+ 67. Kd3 Qb2 68. Bc4 Qc2+ 69. Kd4 Qxc4+ 70. Kxc4 b2 71. Kc3 b1=Q
72. Kd4 Qb3 73. Ke5 Kb2 74. Kd6 a3 75. Ke7 a2 76. Kd8 a1=Q 77. Ke7 Qaa4 78. Kd6
Qbb5 79. Kc7 Qa7+ 80. Kd8 Qbb8# {Normal} 0-1

[Event "Rated Blitz game"]
[Site "?"]
[Date "2021.05.23"]
[Round "?"]
[White "JackTheRipperSlash"]
[Black "khalid_ontawar"]
[Result "1/2-1/2"]
[WhiteElo "2351"]
[BlackElo "2458"]
[PlyCount "128"]
[EventDate "2021.??.??"]
[EventType "blitz"]

1. e4 e5 2. Nf3 d5 3. d4 dxe4 4. Nxe5 Be6 5. c4 Nf6 6. Nc3 Be7 7. g3 O-O 8. Bg2
Bf5 9. O-O Nbd7 10. Bf4 c5 11. d5 Nxe5 12. Bxe5 Re8 13. Re1 Bg4 14. Qc2 Bf3 15.
Bxf6 Bxf6 16. Nxe4 Bxe4 17. Rxe4 Qd6 18. Rae1 Rxe4 19. Rxe4 g6 20. b3 Kg7 21.
h4 h5 22. Qe2 Rd8 23. Re8 a6 24. Qe4 b5 25. Rxd8 Bxd8 26. cxb5 axb5 27. a4 bxa4
28. bxa4 Bf6 29. Bf1 Bd4 30. Kg2 f5 31. Qe6 Qxe6 32. dxe6 Kf6 33. Bc4 Bc3 34.
Kf3 Ba5 35. Ke3 Ke7 36. Kf4 Kf6 37. Ke3 Bd8 38. Kf4 Bc7+ 39. Ke3 Bb6 40. Kf4
Bd8 41. Ke3 g5 42. hxg5+ Kxg5 43. a5 Kf6 44. a6 Bb6 45. Kf4 Bc7+ 46. Ke3 Bb8
47. Kf3 Ke7 48. Kg2 Kf6 49. Kh3 Ba7 50. Kh4 f4 51. gxf4 Ke7 52. Kxh5 Kf6 53.
Kg4 Bb6 54. f5 Ba7 55. Kf4 Bb6 56. Ke4 Ba7 57. Kd5 Bb6 58. Kc6 Ba7 59. Kb7 Ke5
60. Kxa7 Kd4 61. Bb5 Kc3 62. Kb6 Kb4 63. e7 c4 64. Bxc4 Kxc4 {Time forfeit}
1/2-1/2

[Event "Rated Blitz game"]
[Site "?"]
[Date "2021.05.23"]
[Round "?"]
[White "yudinetz"]
[Black "annaly1979"]
[Result "0-1"]
[WhiteElo "2424"]
[BlackElo "2394"]
[PlyCount "56"]
[EventDate "2021.??.??"]
[EventType "blitz"]

1. e4 e5 2. Nf3 d5 3. Nxe5 Qe7 4. d4 f6 5. Nd3 Nc6 6. c3 Bf5 7. Be2 Bxe4 8. O-O
Qf7 9. f3 Bf5 10. b4 Bd6 11. Nf4 Nge7 12. b5 Na5 13. Na3 O-O 14. Nc2 c6 15. a4
Ng6 16. Nh5 Nb3 17. Rb1 Nxc1 18. Qxc1 Rfe8 19. Ne3 Bxb1 20. Qxb1 Rxe3 21. Bd3
Rae8 22. Qc2 Qe7 23. Bxg6 hxg6 24. Qxg6 Qf7 25. Qg4 Re1 26. g3 Rxf1+ 27. Kxf1
Kf8 28. f4 g6 {Normal} 0-1

[Event "Rated Blitz game"]
[Site "?"]
[Date "2021.05.23"]
[Round "?"]
[White "Helois23"]
[Black "blastol"]
[Result "0-1"]
[WhiteElo "2390"]
[BlackElo "2405"]
[PlyCount "108"]
[EventDate "2021.??.??"]
[EventType "blitz"]

1. e4 e5 2. Nf3 d5 3. exd5 Bd6 4. d3 f5 5. Nc3 Nf6 6. Bg5 O-O 7. Be2 Qe8 8.
Bxf6 Rxf6 9. O-O e4 10. dxe4 fxe4 11. Nd4 Rh6 12. g3 Bh3 13. Re1 e3 14. Bf3
exf2+ 15. Kxf2 Qf8 16. Kg1 Nd7 17. Ne4 Be5 18. Ng5 Qc5 19. c3 Rf8 20. Qd3 Bf5
21. Qe3 Bxd4 22. cxd4 Qd6 23. Ne6 Re8 24. Qg5 Bxe6 25. dxe6 Qxd4+ 26. Kg2 Nb6
27. Rad1 Qxb2+ 28. Re2 Qf6 29. Qxf6 Rxf6 30. Bxb7 Rfxe6 31. Rf2 Re2 32. Rd2
Rxd2 33. Rxd2 Kf7 34. Bc6 Re6 35. Bb5 Re5 36. Bf1 c5 37. Be2 c4 38. Bf3 c3 39.
Rc2 Rc5 40. Kf2 Na4 41. Ke2 Nb2 42. Be4 g6 43. Ke3 Ke6 44. Kd4 Rc4+ 45. Ke3
Nd1+ 46. Ke2 Nb2 47. Bd3 Rd4 48. Ke3 Rxd3+ 49. Ke4 Kd6 50. Rf2 Rd1 51. Rf6+ Kc5
52. Rf7 Kc4 53. Rc7+ Kb5 54. Rb7+ Ka6 {Time forfeit} 0-1

[Event "Rated Blitz tournament 8ewo3NZB"]
[Site "?"]
[Date "2021.05.23"]
[Round "?"]
[White "neurobyte"]
[Black "Madjrs72"]
[Result "1-0"]
[WhiteElo "2417"]
[BlackElo "2384"]
[PlyCount "115"]
[EventDate "2021.??.??"]
[EventType "blitz"]

1. e4 e5 2. Nf3 d5 3. exd5 e4 4. Ne5 Qxd5 5. d4 exd3 6. Nxd3 Nf6 7. Nc3 Qf5 8.
Be2 Bd6 9. O-O Nc6 10. Be3 Be6 11. h3 O-O 12. Bf3 Rad8 13. Ne2 Ne5 14. Nd4
Nxf3+ 15. Qxf3 Qxf3 16. Nxf3 Bc4 17. Bg5 Bxd3 18. cxd3 Bc5 19. Bxf6 gxf6 20.
Rfd1 Bd4 21. Rac1 c6 22. Rc4 Bb6 23. b4 Rfe8 24. a4 Re2 25. d4 Rde8 26. a5 Bc7
27. d5 cxd5 28. Rxc7 R2e7 29. Rxe7 Rxe7 30. Rxd5 Re4 31. Nd4 Re1+ 32. Kh2 Rb1
33. Nf5 h5 34. Rd7 Rxb4 35. a6 bxa6 36. Nh6+ Kg7 37. Nxf7 Kg6 38. Nd6 Rb2 39.
f4 h4 40. f5+ Kg5 41. Rg7+ Kf4 42. Rg4+ Ke5 43. Nc4+ Kxf5 44. Nxb2 a5 45. Rxh4
a4 46. Rxa4 a6 47. Ra5+ Kg6 48. Rxa6 Kg5 49. Ra4 f5 50. h4+ Kh5 51. Kh3 f4 52.
Nd3 Kh6 53. Nxf4 Kg7 54. g4 Kf6 55. h5 Kg5 56. Ng2 Kh6 57. Ra6+ Kg5 58. Rg6# {
Normal} 1-0

[Event "Rated Blitz game"]
[Site "?"]
[Date "2021.05.23"]
[Round "?"]
[White "Licenciadomate"]
[Black "TheMonsterNotTheNM"]
[Result "1-0"]
[WhiteElo "2451"]
[BlackElo "2407"]
[PlyCount "93"]
[EventDate "2021.??.??"]
[EventType "blitz"]

1. e4 e5 2. Nf3 d5 3. Nxe5 Bd6 4. Nf3 dxe4 5. Qe2 Nf6 6. d3 O-O 7. dxe4 Nxe4 8.
Be3 f5 9. Nbd2 Qf6 10. O-O-O Nc6 11. Nxe4 fxe4 12. Nd4 Be5 13. c3 a5 14. Nxc6
bxc6 15. Qc4+ Be6 16. Qxc6 Bxa2 17. Bc4+ Bxc4 18. Qxc4+ Kh8 19. Qxe4 a4 20. Kc2
a3 21. Ra1 a2 22. Rhd1 Bd6 23. Qd3 Rfb8 24. g4 Qf7 25. b4 Ra3 26. Qd5 Qg6+ 27.
Qf5 Rxc3+ 28. Kxc3 Bxb4+ 29. Kc2 Qc6+ 30. Kd3 Qa6+ 31. Ke4 Qc6+ 32. Qd5 Qg6+
33. Kf3 Rf8+ 34. Kg2 Qxg4+ 35. Kf1 Bd6 36. Qg2 Qc4+ 37. Kg1 Rf6 38. Kh1 Rg6 39.
Qf3 h6 40. Rac1 Qe6 41. Re1 Be5 42. Bf4 Rf6 43. Rxe5 Qxe5 44. Bxe5 Rxf3 45.
Bxc7 Rb3 46. Be5 Rb1 47. Rg1 {Time forfeit} 1-0

[Event "Rated Blitz game"]
[Site "?"]
[Date "2021.05.23"]
[Round "?"]
[White "ljdr"]
[Black "TheMonsterNotTheNM"]
[Result "0-1"]
[WhiteElo "2441"]
[BlackElo "2413"]
[PlyCount "104"]
[EventDate "2021.??.??"]
[EventType "blitz"]

1. e4 e5 2. Nf3 d5 3. exd5 e4 4. Qe2 Nf6 5. d3 Be7 6. dxe4 O-O 7. Nc3 c6 8.
dxc6 Nxc6 9. Bd2 Bb4 10. O-O-O Qa5 11. Qb5 Bg4 12. Qxa5 Bxa5 13. h3 Bh5 14. g4
Bg6 15. e5 Bxc3 16. Bxc3 Ne4 17. Be1 Rac8 18. Bd3 a5 19. Nh4 Nc5 20. Bf5 Rc7
21. f4 Bxf5 22. gxf5 Rfc8 23. Rg1 Na4 24. Rg2 b5 25. f6 g6 26. Nf5 b4 27. Rd6
Kf8 28. Ne3 Nb6 29. Bf2 a4 30. Rg1 b3 31. axb3 axb3 32. c3 Na4 33. Rgd1 Ke8 34.
Nc4 Nb4 35. Nb6 Nxc3 36. bxc3 Rxc3+ 37. Kb2 Rc2+ 38. Kxb3 Rb8 39. Kxb4 Rcc8 40.
Bc5 Rd8 41. Kc4 Rdc8 42. Nxc8 Rxc8 43. Rd8+ Rxd8 44. Rxd8+ Kxd8 45. Kd5 Kd7 46.
f5 gxf5 47. e6+ fxe6+ 48. Ke5 Kd8 49. f7 Kd7 50. f8=Q Kc6 51. Qd6+ Kb5 52. Qc7
Kc4 {Time forfeit} 0-1

[Event "Rated Blitz game"]
[Site "?"]
[Date "2021.05.23"]
[Round "?"]
[White "Satscho"]
[Black "GoughPhar"]
[Result "0-1"]
[WhiteElo "2424"]
[BlackElo "2424"]
[PlyCount "62"]
[EventDate "2021.??.??"]
[EventType "blitz"]

1. e4 e5 2. Nf3 d5 3. Nxe5 Bd6 4. d4 dxe4 5. Nc4 Nf6 6. Nc3 Nc6 7. Bg5 O-O 8.
Be2 h6 9. Bh4 g5 10. Bg3 Bf5 11. Qd2 Kg7 12. O-O-O Bb4 13. d5 Ne7 14. Be5 Kg6
15. Bxf6 Kxf6 16. Qd4+ Kg6 17. Nxe4 Bxe4 18. Qxe4+ f5 19. Qe6+ Rf6 20. Bh5+ Kg7
21. Qe5 Bd6 22. Qc3 Bf4+ 23. Kb1 Nxd5 24. Qb3 c6 25. g3 Bc7 26. Bf3 b5 27. Ne3
Qg8 28. Rxd5 cxd5 29. Bxd5 Qe8 30. Bxa8 Qxa8 31. Qc3 Qxh1+ {Normal} 0-1

[Event "Rated Blitz tournament CCcuBfDg"]
[Site "?"]
[Date "2021.05.23"]
[Round "?"]
[White "Andreiistra"]
[Black "Korshun_2022"]
[Result "1/2-1/2"]
[WhiteElo "2580"]
[BlackElo "2406"]
[PlyCount "35"]
[EventDate "2021.??.??"]
[EventType "blitz"]

1. e4 e5 2. Nf3 d5 3. d4 dxe4 4. Nxe5 Bd6 5. Qh5 Be6 6. Nc3 Nf6 7. Qh4 Nbd7 8.
Nxd7 Qxd7 9. Bg5 O-O-O 10. O-O-O Bb4 11. Nxe4 Qa4 12. c3 Qxa2 13. Bd3 Qa1+ 14.
Kc2 Qa4+ 15. Kc1 Qa1+ 16. Kc2 Qa4+ 17. Kc1 Qa1+ 18. Kc2 {Normal} 1/2-1/2